000 00439nam a2200181Ia 4500
005 20230705133256.0
008 230524s9999 xx 000 0 und d
082 _a621.4022
_bDOM
100 _aS.Domkundwar
245 2 _aHeat & Mass Transfer SI Units
250 _a7
260 _aNew Delhi
_bDhanpat Rai
_c2013
300 _a"1;43p,"
500 _aQuantity Number: 30
650 _aMechanics
700 _aS.C. Arora
942 _cBK
999 _c53949
_d53949